| 000 | 01499nam0a2200325 4500 | ||
|---|---|---|---|
| 001 | RU\NLR\bibl\48300 | ||
| 005 | 20260407105055.0 | ||
| 010 |
_a5-211-03993-9 _9250 |
||
| 021 |
_aRU _b99-24676 _91204 |
||
| 035 | _a(NLR Aleph) 000047137 | ||
| 090 |
_a250445 _c250445 |
||
| 100 | _a19990920d1999 |||y0rusy50 ca | ||
| 101 | 0 | _arus | |
| 102 | _aRU | ||
| 105 | _aa ||||||||| | ||
| 200 | 1 |
_aВозобновляемая энергетика _eСб. науч. тр. _fМГУ им. Ломоносова. Геогр. фак. _g[Отв. ред. В.В. Алексеев] |
|
| 210 |
_aМ. _cИзд-во Моск. ун-та _d1999 |
||
| 215 |
_a187 с. _cил. _d20 |
||
| 320 | _aБиблиогр. в конце ст. | ||
| 606 | 0 |
_aСолнечная энергия _jСборники _xИспользование _91364578 _3RU\NLR\auth\66257002 |
|
| 606 | 0 |
_aВодоросли _jСборники _xКультивирование _xПрименение гелиотехнических установок _91368325 _3RU\NLR\auth\66259058 |
|
| 686 | _aЗ625я43 | ||
| 686 | _aП75я43 | ||
| 702 | 1 |
_4340 _8rus _7ca _aАлексеев _bВ. В. _cд-р физ.-мат. наук _f1940- _gВячеслав Викторович _3RU\NLR\auth\7735151 _918149 |
|
| 711 | 0 | 2 |
_aМГУ им. М. В. Ломоносова _bГеографический факультет _3RU\NLR\AUTH\889936526 _9367859 |
| 801 | 0 |
_aRU _bNLR _c19990920 _gPSBO |
|
| 801 | 1 |
_aRU _bNLR _c19990920 |
|
| 852 |
_aNLR _j99-3/10920 |
||
| 942 | _cBOOK | ||
| 980 | _aNB | ||